000 00269nam a2200097Ia 4500
008 200302s9999 xx 000 0 und d
100 _aJ. Martin Dykes
245 _aThe Appearance of Concrect Highway Structures
260 _bCement and Concrete Association
300 _a28 P.,
999 _c497
_d497